Compressed air ; practical information upon air-compression and the transmission and application of compressed air /

Bibliographic Details
Main Author: Richards, Frank, 1839-1933
Format: Book
Language:English
Published: New York : J. Wiley & sons: [etc., etc.], [1895]
Edition:1st ed.
Subjects:

MARC

Tag First Indicator Second Indicator Subfields
LEADER 00000cam a2200000 4500
001 in00000041514
005 20151007074601.0
008 780329s1895 nyua 00010 eng
010 |a  06034522  
035 |a (OCoLC)03761096 
035 |9 AAF1764AM 
040 |a TLM  |c TLM  |d TXA  |d UtOrBLW 
049 |a TXAM  |c [45391] 
050 0 |a TJ985  |b .R5 
092 |a 621.5  |b R51co 
100 1 |a Richards, Frank,  |d 1839-1933. 
245 1 0 |a Compressed air ;  |b practical information upon air-compression and the transmission and application of compressed air /  |c By Frank Richards ... 
250 |a 1st ed.  |b 1st thousand. 
264 1 |a New York :  |b J. Wiley & sons: [etc., etc.],  |c [1895] 
264 4 |c ©1895 
300 |a 2 pages ., 203 pages :  |b diagrams ;  |c 20 cm. 
336 |a text  |b txt  |2 rdacontent 
337 |a unmediated  |b n  |2 rdamedia 
338 |a volume  |b nc  |2 rdacarrier 
650 0 |a Compressed air. 
999 |a MARS 
999 f f |s a21afd8a-9d06-3c2e-b4fb-1601b5f497f7  |i f7829a19-b13f-33c8-90b3-3aec3e4f33cb  |t 0 
952 f f |p ric  |a Texas A&M University  |b Rellis Campus  |c Joint Library Facility  |d Remote Storage  |t 0  |e TJ985 .R5  |h Library of Congress classification  |i unmediated -- volume  |m A14801040945 
998 f f |a TJ985 .R5  |t 0  |l Remote Storage